Top 25 Trading Partners - Australia - Statistics

General Stats
  • This quiz has been taken 72 times
  • The average score is 45 of 50
Answer Stats
Hint Answer % Correct
1st Place: 87,726 China
100%
1st Place: 57,699 China
100%
4th Place: 12,369 India
98%
13th Place: 4,241 India
98%
7th Place: 7,167 New Zealand
98%
9th Place: 6,057 New Zealand
98%
12th Place: 3,611 United Kingdom
98%
10th Place: 5,604 United Kingdom
98%
18th Place: 1,417 Canada
97%
23rd Place: 1,702 Canada
97%
20th Place: 1,219 France
97%
14th Place: 4,092 France
97%
15th Place: 1,661 Germany
97%
4th Place: 11,623 Germany
97%
2nd Place: 41,355 Japan
97%
3rd Place: 17,351 Japan
97%
3rd Place: 17,745 South Korea
97%
6th Place: 10,182 South Korea
97%
5th Place: 9,552 United States of America
97%
2nd Place: 24,664 United States of America
97%
10th Place: 4,796 Indonesia
95%
15th Place: 3,846 Indonesia
95%
8th Place: 5,525 Malaysia
94%
7th Place: 9,912 Malaysia
94%
18th Place: 2,409 Mexico
94%
22nd Place: 1,998 Spain
94%
11th Place: 5,494 Italy
92%
11th Place: 3,708 Vietnam
92%
12th Place: 4,679 Vietnam
92%
22nd Place: 1,040 Brazil
91%
9th Place: 4,882 Thailand
91%
5th Place: 11,523 Thailand
91%
6th Place: 7,327 Singapore
89%
8th Place: 8,822 Singapore
89%
14th Place: 2,568 Netherlands
88%
20th Place: 2,354 Netherlands
88%
16th Place: 1,630 Philippines
85%
24th Place: 715 Belgium
83%
24th Place: 1,621 Belgium
83%
19th Place: 1,243 South Africa
83%
21st Place: 2,091 Sweden
82%
13th Place: 2,917 United Arab Emirates
82%
19th Place: 2,389 United Arab Emirates
82%
23rd Place: 864 Switzerland
77%
16th Place: 2,757 Switzerland
77%
17th Place: 1,599 Papua New Guinea
74%
17th Place: 2,701 Papua New Guinea
74%
25th Place: 1,497 Austria
66%
25th Place: 673 Bangladesh
66%
21st Place: 1,061 Bahrain
29%
No matching quizzes found
Score Distribution
Percent of People with Each Score
Percentile by Number Answered
Your Score History
You have not taken this quiz